000 00531nam a2200193Ia 4500
005 20250326144106.0
008 250326s9999 xx 000 0 und d
020 _a1-56720-025-7
037 _aTextbook
040 _aFMSL
_beng
_cFMSL
041 _aeng
_2eng
084 _aX:9 N8
_qFMSL
100 _aScott R K
_9749009
245 0 _aHuman resource management in electronic media
_cScott R K
260 _aLondon
_bLondon, Quorum books
_c1998
300 _a215p
942 _cTB
_hX:9 N8
999 _c1302322
_d1302322